Ilmu djiwa anak-anak : (Record no. 52995)

MARC details
000 -LEADER
fixed length control field 00654nam a2200229 i 4500
001 - CONTROL NUMBER
control field C2-0237314
003 - CONTROL NUMBER IDENTIFIER
control field PPAK
005 - DATE AND TIME OF LATEST TRANSACTION
control field 20180727200846.0
008 - FIXED-LENGTH DATA ELEMENTS--GENERAL INFORMATION
fixed length control field 011211s1953 io |||| ||||| | may d
040 ## - CATALOGING SOURCE
Original cataloging agency PPAK
Language of cataloging eng
Transcribing agency PPAK
Description conventions rda
082 04 - DEWEY DECIMAL CLASSIFICATION NUMBER
Classification number 155.4
Edition number 23
090 00 - LOCALLY ASSIGNED LC-TYPE CALL NUMBER (OCLC); LOCAL CALL NUMBER (RLIN)
Classification number (OCLC) (R) ; Classification number, CALL (RLIN) (NR) 155.4
Feature heading JUN
Feature heading KSI
100 1# - MAIN ENTRY--PERSONAL NAME
Personal name Junus, Mahmud,
Relator term author
245 10 - TITLE STATEMENT
Title Ilmu djiwa anak-anak :
Remainder of title untuk guru-guru dan ibu bapak
264 #1 - PRODUCTION, PUBLICATION, DISTRIBUTION, MANUFACTURE, AND COPYRIGHT NOTICE
Place of production, publication, distribution, manufacture Djakarta, Indonesia :
Name of producer, publisher, distributor, manufacturer Pustaka Mahmudiah ,
Date of production, publication, distribution, manufacture, or copyright notice 1953
300 ## - PHYSICAL DESCRIPTION
Extent 46 pages ;
Dimensions 19 cm
336 ## - CONTENT TYPE
Source rdacontent
Content type term text
337 ## - MEDIA TYPE
Source rdamedia
Media type term unmediated
338 ## - CARRIER TYPE
Source rdacarrier
Carrier type term volume
650 10 - SUBJECT ADDED ENTRY--TOPICAL TERM
Topical term or geographic name entry element Psychological child abuse
942 ## - ADDED ENTRY ELEMENTS (KOHA)
-- dc
Koha item type Book
Holdings
Withdrawn Not for loan Current library Shelving location Date acquired Full call number Barcode Date last seen Koha item type
  Not For Loan Perpustakaan Alor Setar Koleksi Salleh Ibrahim 11/12/2001 KSI 155.4 JUN A00211633 08/05/2018 Book